Super Bowl Winners - Statistics

General Stats
  • This quiz has been taken 119 times
  • The average score is 56 of 59
Answer Stats
Hint Answer % Correct
Super Bowl IV Kansas City Chiefs
99%
Super Bowl LIV Kansas City Chiefs
99%
Super Bowl LVII Kansas City Chiefs
99%
Super Bowl LVIII Kansas City Chiefs
99%
Super Bowl XXXVI New England Patriots
99%
Super Bowl XXXVIII New England Patriots
99%
Super Bowl XXXIX New England Patriots
99%
Super Bowl XLIX New England Patriots
99%
Super Bowl LI New England Patriots
99%
Super Bowl LIII New England Patriots
99%
Super Bowl VI Dallas Cowboys
98%
Super Bowl XII Dallas Cowboys
98%
Super Bowl XXVII Dallas Cowboys
98%
Super Bowl XXVIII Dallas Cowboys
98%
Super Bowl XXX Dallas Cowboys
98%
Super Bowl XXI New York Giants
98%
Super Bowl XXV New York Giants
98%
Super Bowl XLII New York Giants
98%
Super Bowl XLVI New York Giants
98%
Super Bowl XX Chicago Bears
96%
Super Bowl LVI Los Angeles Rams
96%
Super Bowl VII Miami Dolphins
96%
Super Bowl VIII Miami Dolphins
96%
Super Bowl III New York Jets
96%
Super Bowl IX Pittsburgh Steelers
96%
Super Bowl X Pittsburgh Steelers
96%
Super Bowl XIII Pittsburgh Steelers
96%
Super Bowl XIV Pittsburgh Steelers
96%
Super Bowl XL Pittsburgh Steelers
96%
Super Bowl XLIII Pittsburgh Steelers
96%
Super Bowl XLVIII Seattle Seahawks
96%
Super Bowl XXXIV St. Louis Rams
96%
Super Bowl XXXII Denver Broncos
95%
Super Bowl XXXIII Denver Broncos
95%
Super Bowl 50 Denver Broncos
95%
Super Bowl I Green Bay Packers
95%
Super Bowl II Green Bay Packers
95%
Super Bowl XXXI Green Bay Packers
95%
Super Bowl XLV Green Bay Packers
95%
Super Bowl LII Philadelphia Eagles
95%
Super Bowl LIX Philadelphia Eagles
95%
Super Bowl XVI San Francisco 49ers
95%
Super Bowl XIX San Francisco 49ers
95%
Super Bowl XXIII San Francisco 49ers
95%
Super Bowl XXIV San Francisco 49ers
95%
Super Bowl XXIX San Francisco 49ers
95%
Super Bowl V Baltimore Colts
94%
Super Bowl XLI Indianapolis Colts
94%
Super Bowl XXXVII Tampa Bay Buccaneers
94%
Super Bowl LV Tampa Bay Buccaneers
94%
Super Bowl XVIII Los Angeles Raiders
93%
Super Bowl XI Oakland Raiders
93%
Super Bowl XV Oakland Raiders
93%
Super Bowl XXXV Baltimore Ravens
92%
Super Bowl XLVII Baltimore Ravens
92%
Super Bowl XLIV New Orleans Saints
92%
Super Bowl XVII Washington Redskins
89%
Super Bowl XXII Washington Redskins
89%
Super Bowl XXVI Washington Redskins
89%
No matching quizzes found
Score Distribution
Percent of People with Each Score
Percentile by Number Answered
Your Score History
You have not taken this quiz